01759nam a22003137a 4500003000900000008004100009040007100050082004500121110005500166245006800221260003200289300004600321440006600367505065300433650002701086650001201113650002601125650002701151650002301178650001401201650001301215700003301228700002701261700003201288700001801320700002901338700002301367710005501390AR-CdUCM190425b ||||| |||| 00| 0 spa d aMUNICIPALIDAD PROVINCIAL DEL CUSCOcBIBLIOTECA MUNICIPAL DEL CUSCO aRev.Univ/N°92/1947bRev.Univ/N°92/1947 aUniversidad Nacional de San Antonio Abad del Cusco aRevista Universitaria :bÓrgano de la Universidad del Cuzco / aCusco :bH.G. Rozas,c1947. a248 páginas. :bilustraciones ;c20 cm. aRevista UniversitarianAño XXXVI, 1° semestre 1947, N°92. aContenido: Las insurgencias del Cuzco a través de la historia, discurso de orden leído en la apertura del año académico de 1947 por Luis Velasco Aragón. -- Nacimiento y camino del mestizo ruta del Perú. Alfredo Yépez Miranda. -- Vocabulario Quichua por el padre Diego de Torres Rubio en 1619 (continuación), reedición dirigida por Luis A. Pardo. -- La huérfana y el camisón de satanás, tradición de la parroquia de Santiago. Ángel Carreño. -- ¿Colon no existió? comentario a una importante hipótesis. Julián Santisteban Ochoa. -- Hacia la ciudad de Cajamarca la grande. Horacio Villanueva Urteaga. -- Crónica. aLevantamientos andinos aQuechua aDiego de Torres Rubio aTradición cusqueña aCristóbal Colon  aCajamarca aSiglo XX aSantiesteban Ochoa, Julián aVelasco Aragón, Luis aVillanueva Urteaga, Horacio aPardo, Luis A aYépez Miranda, Alfredo aCarreño, Ángel aUniversidad Nacional de San Antonio Abad del Cusco